000 00769nam a2200217 i 4500
001 169273
003 ES-MaACL
005 20230906214040.0
008 080828s2007 sp |||| | spa d
017 _aAs-5.386-07
020 _a978-84-611-8887-1
080 _a821.134.2(728.5)-14"19"
100 1 _aZepeda-Henríquez, Eduardo.
_9118193
245 1 0 _aPoema sinfónico de Darío /
_cEduardo Zepeda-Henríquez ; prólogo de Claire Pailler ; coordinador editorial e ilustraciones, Juan Méjica.
250 _a1ª ed.
260 _aOviedo :
_bFundación Méjica,
_c2007.
300 _a81 p. :
_bil. col. ;
_c24 cm.
700 1 _aMéjica, Juan.
_9138369
700 1 _aPailler, Claire.
_9138370
852 4 _aES-MaACL
_jL-29724
_9R.142938
_z- Ded. autógr. del autor.
999 _c169273
_d169273